000 00903 a2200229 4500
010 _aTML-30651
020 _c175.00
_a8126007877
035 _aTM-28888
037 _bD.B.Act / pub /
082 _a894.827
090 _c9727
_d9727
100 _aஇராஜாராமன், மதுராநதகம்
245 _a மதுராநதகம் இராஜாராமன் கதைகள
_cby மதுராநதகம் இராஜாராமன் tr by நி.கிருபானந்தம்
246 _aMadhuranthakam Rajaramin Kadaigal
_bBy Madhuranthakam Rajaramin
250 _a1st ed
260 _aNew Delhi
_bSahitya Akademi
_c2000
270 _bNew Delhi
_e110001
300 _a398p
_b22cm
650 _aTamil Literature
_xFiction
942 _cTM
_k894.827 / RAJ
999 _c9549
_d9549